[Event "NOR-chB"]
[Site "Oslo"]
[Date "2023.07.08"]
[Round "9"]
[White "Yran, Petter"]
[Black "Jorgensen, Orjan"]
[Result "1-0"]
[WhiteElo "1576"]
[BlackElo "1569"]
[PlyCount "51"]
[EventDate "2023.06.30"]
[EventType "swiss"]
[EventRounds "9"]
[EventCountry "NOR"]
[SourceTitle "EXT 2024"]
[Source "ChessBase"]
[SourceDate "2023.10.10"]
[SourceVersion "1"]
[SourceVersionDate "2023.10.10"]
[SourceQuality "1"]

1. e4 e5 2. Nf3 d5 3. Nxe5 Nf6 4. exd5 Qxd5 5. Nf3 Bg4 6. Be2 Bd6 7. Nc3 Qh5 8. h3 Nbd7 9. d4 a6 10. Be3 Rd8 11. Qd2 Bb4 12. 0-0-0 Bxf3 13. Bxf3 Qa5 14. a3 Ne5 15. axb4 Qa1+ 16. Nb1 Nc4 17. Qc3 b5 18. Bc6+ Nd7 19. b3 Qxc3 20. Nxc3 Nd6 21. Bf4 0-0 22. Bxd6 cxd6 23. Bxd7 Rxd7 24. Nd5 Ra7 25. Rhe1 Rfa8 26. Re7 1-0

[Event "NOR-chB"]
[Site "Oslo"]
[Date "2023.07.02"]
[Round "2"]
[White "Dienes, Tamas"]
[Black "Yran, Petter"]
[Result "0-1"]
[WhiteElo "1487"]
[BlackElo "1576"]
[PlyCount "108"]
[EventDate "2023.06.30"]
[EventType "swiss"]
[EventRounds "9"]
[EventCountry "NOR"]
[SourceTitle "EXT 2024"]
[Source "ChessBase"]
[SourceDate "2023.10.10"]
[SourceVersion "1"]
[SourceVersionDate "2023.10.10"]
[SourceQuality "1"]

1. Nf3 Nf6 2. c4 e6 3. g3 d5 4. cxd5 exd5 5. d4 Bd6 6. Bg2 0-0 7. 0-0 c6 8. Re1 Re8 9. Nc3 Be6 10. Bg5 h6 11. Bxf6 Qxf6 12. e4 dxe4 13. Nxe4 Qd8 14. Nxd6 Qxd6 15. Qd2 Nd7 16. Re3 Nf6 17. Rae1 Red8 18. a3 c5 19. d5 Nxd5 20. Rd3 Bf5 21. Rb3 b6 22. Re5 Be6 23. Rd3 Rac8 24. Qe1 Qf8 25. Nh4 Nf6 26. Rxd8 Rxd8 27. h3 Qd6 28. Qe3 Qd1+ 29. Kh2 Qd7 30. g4 Qd6 31. Kg1 Qd1+ 32. Bf1 Bc4 33. Qe1 Qxe1 34. Rxe1 Bxf1 35. Kxf1 Rd2 36. Re2 Rxe2 37. Kxe2 g6 38. Nf3 Nd5 39. Ne5 Nf4+ 40. Kf3 Nxh3 41. Nc6 a5 42. Ne5 b5 43. Ke3 Ng5 44. b3 Ne6 45. Ke4 b4 46. a4 Nd4 47. Kd3 Nxb3 48. Kc4 Nd2+ 49. Kxc5 h5 50. gxh5 gxh5 51. Kb5 b3 52. Nd3 h4 53. Kxa5 h3 54. f4 h2 0-1

[Event "NOR-chB"]
[Site "Oslo"]
[Date "2023.07.01"]
[Round "1"]
[White "Yran, Petter"]
[Black "Choquet, Sebastian"]
[Result "1-0"]
[WhiteElo "1576"]
[BlackElo "1473"]
[PlyCount "79"]
[EventDate "2023.06.30"]
[EventType "swiss"]
[EventRounds "9"]
[EventCountry "NOR"]
[SourceTitle "EXT 2024"]
[Source "ChessBase"]
[SourceDate "2023.10.10"]
[SourceVersion "1"]
[SourceVersionDate "2023.10.10"]
[SourceQuality "1"]

1. e4 c5 2. Nf3 d6 3. d4 cxd4 4. Nxd4 Nf6 5. Nc3 a6 6. Bg5 Nbd7 7. Be3 b5 8. a4 b4 9. Nc6 Qc7 10. Nxb4 e6 11. Nd3 Bb7 12. f3 d5 13. exd5 Nxd5 14. Nxd5 Bxd5 15. Qd2 Rb8 16. Bf4 Bd6 17. Bxd6 Qxd6 18. Be2 Qb6 19. a5 Qa7 20. Bd1 Bc4 21. b3 Bxd3 22. Qxd3 0-0 23. Qd2 Qc5 24. Ra4 Ne5 25. Qd4 Qc7 26. 0-0 Rfd8 27. Qe3 Rd5 28. Be2 Qxc2 29. Rc1 Qb2 30. Bf1 Rd2 31. Rb4 Rbd8 32. Qc3 Qa2 33. Ra1 Qb2 34. Qxb2 Rxb2 35. Bxa6 h6 36. Bf1 Rdd2 37. a6 Nd3 38. Rd4 Rxb3 39. Bxd3 Rbb2 40. Rd8# 1-0